000 00750nam a2200241 i 4500
001 bg
245 0 0 _aEtyczne fundamenty gospodarowania /
_cpod red. Adama Węgrzeckiego ; Akademia Ekonomiczna w Krakowie.
260 _aKraków :
_b"Cracovia",
_c1999.
300 _a210, [2] s. ;
_c24 cm.
500 _aRef. z konferencji, 24-25 października 1997 r., Kraków.
650 9 _aEtyka biznesu
650 9 _aGospodarka
_xetyka
655 _aMateriały konferencyjne
700 1 _aWęgrzecki, Adam.
_eRed.
710 0 _aAkademia Ekonomiczna (Kraków)
020 _a8386957336
040 _cBPK
041 0 _apl
080 _a174:172:338.2:658.1/.5](061)
920 _a83-86957-33-6
942 _cKS
008 s pl f |000 0 pol
999 _c36019
_d36019
856 _uhttp://koha.tu.koszalin.pl/cgi-bin/koha/opac-detail.pl?biblionumber=36019
_yKatalog online BPK